The validity of reservations and declarations to CEDAW : (Record no. 4284)
[ view plain ]
| 000 -LEADER | |
|---|---|
| fixed length control field | 00861nam a2200229 4500 |
| 003 - CONTROL NUMBER IDENTIFIER | |
| control field | LK-CoMWRAF |
| 005 - DATE AND TIME OF LATEST TRANSACTION | |
| control field | 20231203122122.0 |
| 008 - FIXED-LENGTH DATA ELEMENTS--GENERAL INFORMATION | |
| fixed length control field | 231203b2005 |||||||| |||| 00| 0 eng d |
| 020 ## - INTERNATIONAL STANDARD BOOK NUMBER | |
| International Standard Book Number | 983424004X |
| 040 ## - CATALOGING SOURCE | |
| Original cataloging agency | LK-CoMWRAF |
| Modifying agency | LK-CoMWRAF |
| Description conventions | LK-CoMWRAF |
| 041 ## - LANGUAGE CODE | |
| Language code of text/sound track or separate title | English |
| 082 ## - DEWEY DECIMAL CLASSIFICATION NUMBER | |
| Classification number | 305.42 |
| Item number | JAI |
| 942 ## - ADDED ENTRY ELEMENTS (KOHA) | |
| Koha item type | Books |
| 100 ## - MAIN ENTRY--PERSONAL NAME | |
| Personal name | Jaising, Indira |
| 245 ## - TITLE STATEMENT | |
| Title | The validity of reservations and declarations to CEDAW : |
| Remainder of title | the Indian experience |
| 260 ## - PUBLICATION, DISTRIBUTION, ETC. (IMPRINT) | |
| Place of publication, distribution, etc. | Kuala Lumpur: |
| Name of publisher, distributor, etc. | International Women's Rights Action Watch Asia Pacific, |
| Date of publication, distribution, etc. | 2005 |
| 300 ## - PHYSICAL DESCRIPTION | |
| Extent | ii, 27 p. ; 22 cm |
| 490 ## - SERIES STATEMENT | |
| Series statement | IWRAW Asia Pacific occasional papers series |
| Volume/sequential designation | No. 5 |
| 856 ## - ELECTRONIC LOCATION AND ACCESS | |
| Uniform Resource Identifier | <a href="https://www.iwraw-ap.org/wp-content/uploads/2018/09/OPS_5-THE-VALIDITY-OF-RESERVATIONS-AND-DECLARATIONS-TO-CEDAW-_-The-Indian-Experience.pdf">https://www.iwraw-ap.org/wp-content/uploads/2018/09/OPS_5-THE-VALIDITY-OF-RESERVATIONS-AND-DECLARATIONS-TO-CEDAW-_-The-Indian-Experience.pdf</a> |
| 650 ## - SUBJECT ADDED ENTRY--TOPICAL TERM | |
| Topical term or geographic name as entry element | Women Legal status, laws, |
| 650 ## - SUBJECT ADDED ENTRY--TOPICAL TERM | |
| Topical term or geographic name as entry element | Women's rights |
| Withdrawn status | Lost status | Damaged status | Not for loan | Permanent Location | Current Location | Date acquired | Full call number | Barcode | Koha item type |
|---|---|---|---|---|---|---|---|---|---|
| Resource center, Muslim Women's Research And Action Forum | Resource center, Muslim Women's Research And Action Forum | 2023-12-03 | 305.42 JAI | RAF3296 | Books |

